[Event "NED-ch m (Women)"]
[Site "Groningen"]
[Date "2022.12.30"]
[Round "2"]
[White "Keetman, Maaike"]
[Black "Roebers, Eline"]
[Result "0-1"]
[WhiteElo "2151"]
[BlackElo "2343"]
[PlyCount "124"]
[EventDate "2022.12.29"]
[EventType "match"]
[EventRounds "2"]
[EventCountry "NED"]
[SourceTitle "CBM 211 Extra"]
[Source "ChessBase"]
[SourceDate "2023.01.31"]
[SourceVersion "1"]
[SourceVersionDate "2023.01.31"]
[SourceQuality "1"]

1. e4 c5 2. Nf3 d6 3. d4 cxd4 4. Qxd4 Nc6 5. Qe3 Nf6 6. Be2 g6 7. 0-0 Bg7 8. h3 0-0 9. Rd1 a6 10. Nc3 Nd7 11. a3 b5 12. Qf4 Bb7 13. Qh4 Nce5 14. Nd4 Rc8 15. Bg5 Nf6 16. f4 Nc4 17. Bxc4 Rxc4 18. e5 Qb6 19. exf6 Rxd4 20. Qf2 Rxd1+ 21. Rxd1 Qxf2+ 22. Kxf2 exf6 23. Bh4 Rd8 24. Nd5 Bxd5 25. Rxd5 Kf8 26. f5 Ke7 27. Bg3 gxf5 28. Rxf5 Rc8 29. c3 Rc5 30. Rf4 h5 31. a4 Rc4 32. axb5 axb5 33. Rf5 Rc5 34. Rf4 f5 35. Ke2 Be5 36. Rf3 Ke6 37. Bf2 Rc4 38. Kd2 f4 39. Kd3 d5 40. Bd4 f6 41. Rf1 Rc8 42. Bf2 Rg8 43. Rg1 Ra8 44. Kc2 Ra4 45. Rd1 Re4 46. Kd3 Kf5 47. Kc2 Re2+ 48. Rd2 Rxd2+ 49. Kxd2 Ke4 50. Ke2 d4 51. Be1 d3+ 52. Kd2 Bd6 53. Bf2 Bf8 54. b3 Bh6 55. Kd1 f3 56. gxf3+ Kxf3 57. Bd4 f5 58. c4 bxc4 59. bxc4 Ke4 60. Bf6 Be3 61. Be7 f4 62. c5 f3 0-1

[Event "Speed Chess (Women) Q2"]
[Site "Chess.com INT"]
[Date "2022.05.26"]
[Round "10"]
[White "Bach, Ngoc Thuy Duong"]
[Black "Keetman, Maaike"]
[Result "1-0"]
[WhiteElo "2192"]
[BlackElo "2160"]
[PlyCount "81"]
[EventDate "2022.05.26"]
[EventType "swiss (blitz)"]
[EventRounds "14"]
[EventCountry "USA"]
[SourceTitle "CBM 208 Extra"]
[Source "ChessBase"]
[SourceDate "2022.07.31"]
[SourceVersion "1"]
[SourceVersionDate "2022.07.31"]
[SourceQuality "1"]

1. d4 e6 2. c4 Nf6 3. Nc3 Bb4 4. Qc2 0-0 5. a3 Bxc3+ 6. Qxc3 b6 7. Bg5 Bb7 8. f3 c5 9. e3 d6 10. Bd3 Nbd7 11. Ne2 e5 12. d5 Re8 13. 0-0 b5 14. Ng3 bxc4 15. Bxc4 h6 16. Bxf6 Nxf6 17. e4 g6 18. f4 Nd7 19. f5 Qg5 20. Rf3 h5 21. Raf1 h4 22. Nh1 Rf8 23. Nf2 Kg7 24. g4 Nf6 25. Kh1 Nxg4 26. Nxg4 Qxg4 27. Rg1 Qxe4 28. f6+ Kh7 29. Re1 Qd4 30. Qxd4 cxd4 31. Re4 g5 32. Rg4 Kh6 33. Kg2 Rac8 34. b3 Rc5 35. Rf5 Bc8 36. Rfxg5 Bxg4 37. Rxg4 Kh5 38. Kf3 Rh8 39. Rg7 Rc7 40. Ke4 Rh6 41. Be2# 1-0

[Event "Speed Chess (Women) Q2"]
[Site "Chess.com INT"]
[Date "2022.05.26"]
[Round "4"]
[White "Keetman, Maaike"]
[Black "Nguyen, Hong Anh"]
[Result "1-0"]
[WhiteElo "2160"]
[BlackElo "1999"]
[PlyCount "65"]
[EventDate "2022.05.26"]
[EventType "swiss (blitz)"]
[EventRounds "14"]
[EventCountry "USA"]
[SourceTitle "CBM 208 Extra"]
[Source "ChessBase"]
[SourceDate "2022.07.31"]
[SourceVersion "1"]
[SourceVersionDate "2022.07.31"]
[SourceQuality "1"]

1. e4 c5 2. Nf3 Nc6 3. Bb5 g6 4. Bxc6 dxc6 5. d3 Bg7 6. h3 Nf6 7. 0-0 Nd7 8. Be3 Bxb2 9. Nbd2 b6 10. Bh6 Bxa1 11. Qxa1 Rg8 12. a4 Qc7 13. a5 b5 14. e5 Ba6 15. Ne4 0-0-0 16. Bf4 f6 17. Bg3 f5 18. Neg5 Qb7 19. Nf7 Rdf8 20. e6 Nf6 21. Re1 c4 22. dxc4 Ne4 23. N3e5 b4 24. Qd4 c5 25. Qe3 Rd8 26. Nxd8 Rxd8 27. Nf7 Rd4 28. Be5 Rxc4 29. Rd1 Rd4 30. Bxd4 cxd4 31. Qxd4 Qc7 32. Qh8+ Kb7 33. Rd7 1-0

[Event "Women's Day Play Magnus"]
[Site "chess24.com INT"]
[Date "2021.03.07"]
[Round "7.3"]
[White "Keetman, Maaike"]
[Black "Fernandez, Maria Florencia"]
[Result "1/2-1/2"]
[WhiteElo "2169"]
[BlackElo "2229"]
[PlyCount "149"]
[EventDate "2021.03.07"]
[EventType "team-tourn (blitz)"]
[EventRounds "7"]
[EventCountry "GER"]
[SourceTitle "CBM 201 Extra"]
[Source "ChessBase"]
[SourceDate "2021.05.31"]
[SourceVersion "1"]
[SourceVersionDate "2021.05.31"]
[SourceQuality "1"]
[WhiteTeam "Chessable #1"]
[BlackTeam "Brazil chess24"]
[WhiteTeamCountry "ROU"]
[BlackTeamCountry "BRA"]

1. e4 c5 2. Nf3 d6 3. d4 cxd4 4. Nxd4 Nf6 5. Nc3 g6 6. Be3 Bg7 7. f3 0-0 8. Qd2 Nc6 9. g4 Be6 10. Nxe6 fxe6 11. 0-0-0 Rc8 12. Be2 Ne5 13. Nb5 Nc4 14. Bxc4 Rxc4 15. Qd3 Rc8 16. Qb3 Qd7 17. Nxa7 Ra8 18. Nb5 Rfc8 19. g5 Nh5 20. Nd4 d5 21. Nb5 Ra5 22. a4 Rca8 23. exd5 Rxa4 24. Na3 Qc7 25. dxe6 Qe5 26. Rhe1 Qxb2+ 27. Qxb2 Bxb2+ 28. Kxb2 Rxa3 29. Bc5 Ra2+ 30. Kb3 Ng7 31. Bxe7 R2a6 32. Bf6 Nxe6 33. Rxe6 Rxe6 34. Rd7 Rae8 35. Rg7+ Kf8 36. Rxh7 Rb6+ 37. Kc3 Ree6 38. Rh8+ Kf7 39. Rh7+ Kf8 40. Rh8+ Kf7 41. Rh7+ Ke8 42. Rh8+ Kd7 43. Rd8+ Kc6 44. Rg8 Kd5 45. Rxg6 Rec6+ 46. Kd2 Kc5 47. Rg8 Kb5 48. g6 Rd6+ 49. Ke3 Re6+ 50. Kf2 Rxf6 51. Rd8 Rxg6 52. Rd5+ Ka6 53. Rd3 Rb2 54. Rc3 Kb6 55. Rb3+ Rxb3 56. cxb3 Kb5 57. f4 Kb4 58. Kf3 Kxb3 59. f5 Rf6 60. Kf4 Rh6 61. Ke5 Rxh2 62. f6 Rf2 63. Ke6 Rxf6+ 64. Kxf6 b5 65. Ke5 b4 66. Kd5 Ka3 67. Kc5 b3 68. Kd6 b2 69. Kd5 b1Q 70. Ke5 Ka2 71. Ke6 Qb3+ 72. Ke5 Ka3 73. Kf5 Qb4 74. Ke5 Ka4 75. Kf6 1/2-1/2

[Event "Titled Tuesday intern op 14th July"]
[Site "Chess.com INT"]
[Date "2020.07.14"]
[Round "3"]
[White "Sieciechowicz, Marcin"]
[Black "Keetman, Maaike"]
[Result "1/2-1/2"]
[WhiteElo "2372"]
[BlackElo "2169"]
[PlyCount "133"]
[EventDate "2020.07.14"]
[EventType "swiss (blitz)"]
[EventRounds "10"]
[EventCountry "USA"]
[SourceTitle "CBM 197 Extra"]
[Source "ChessBase"]
[SourceDate "2020.09.30"]
[SourceVersion "1"]
[SourceVersionDate "2020.09.30"]
[SourceQuality "1"]

1. d4 e6 2. c4 Nf6 3. Nc3 Bb4 4. e3 0-0 5. Nge2 c6 6. a3 Ba5 7. b4 Bc7 8. Bb2 d5 9. Ng3 Nbd7 10. cxd5 exd5 11. Bd3 Nb6 12. b5 Re8 13. 0-0 Bg4 14. Qc2 cxb5 15. Nxb5 Bxg3 16. hxg3 Rc8 17. Qb3 a6 18. Nc3 Ne4 19. Rfc1 Nd2 20. Qc2 Ne4 21. Bxe4 dxe4 22. Qb3 Rc6 23. Na4 Rh6 24. Nxb6 Rxb6 25. Qc3 Qg5 26. d5 Rh6 27. Qd4 f6 28. d6 Qh5 29. f4 exf3 30. Kf2 fxg2 31. d7 Qf5+ 32. Qf4 Qxd7 33. Rc2 Rh2 34. Rg1 Qd3 35. Qc4+ Qxc4 36. Rxc4 Be6 37. Rd4 Rc8 38. Rd2 Bf5 39. Rxg2 Rxg2+ 40. Kxg2 Be4+ 41. Kf2 Rc2 42. Rxc2 Bxc2 43. Kf3 Kf7 44. Kf4 Ke6 45. Bd4 b5 46. Bc3 Bd3 47. g4 Bc4 48. g5 fxg5+ 49. Kxg5 Kd5 50. Bxg7 Ke4 51. Bd4 Bd3 52. Kh6 Kd5 53. Bb6 Kc4 54. Ba5 Kb3 55. Bb4 a5 56. Be7 b4 57. axb4 axb4 58. Kg5 Kc3 59. Kf4 b3 60. e4 b2 61. Bf6+ Kc2 62. Bxb2 Kxb2 63. e5 Bc4 64. Kg5 Kc3 65. Kh6 Bg8 66. e6 Bxe6 67. Kxh7 1/2-1/2

[Event "Titled Tuesday intern op 7th July"]
[Site "Chess.com INT"]
[Date "2020.07.07"]
[Round "1"]
[White "Keetman, Maaike"]
[Black "Volovich, Vasily"]
[Result "1-0"]
[WhiteElo "2169"]
[BlackElo "2177"]
[PlyCount "97"]
[EventDate "2020.07.07"]
[EventType "swiss (blitz)"]
[EventRounds "10"]
[EventCountry "USA"]
[SourceTitle "CBM 197 Extra"]
[Source "ChessBase"]
[SourceDate "2020.09.30"]
[SourceVersion "1"]
[SourceVersionDate "2020.09.30"]
[SourceQuality "1"]

1. e4 e6 2. d4 d5 3. Nd2 c5 4. exd5 Qxd5 5. dxc5 Bxc5 6. Ngf3 Nf6 7. Bc4 Qc6 8. 0-0 0-0 9. Qe2 a6 10. Nb3 Bd6 11. Nbd4 Qc7 12. Bg5 Nbd7 13. Rad1 Re8 14. h3 b5 15. Bxb5 axb5 16. Nxb5 Ba6 17. Nxc7 Bxe2 18. Rxd6 Bxf1 19. Nxa8 Bxg2 20. Kxg2 Rxa8 21. a3 Kf8 22. Be3 Rc8 23. c3 Rb8 24. Rd2 Nd5 25. c4 Nxe3+ 26. fxe3 Nb6 27. Rc2 Ke7 28. b4 Rd8 29. Nd4 Rd7 30. c5 Nd5 31. Kf3 e5 32. Nc6+ Ke6 33. b5 Rc7 34. Nb4 Nf6 35. b6 Rc8 36. c6 Kd6 37. c7 Nd7 38. Rc6+ Ke7 39. b7 e4+ 40. Kxe4 Re8 41. c8Q Nf6+ 42. Kf3 g6 43. Qc7+ Kf8 44. Rxf6 Re7 45. Qd8+ Kg7 46. Qd6 Kh6 47. Qxe7 Kg5 48. Rxf7+ Kh6 49. Rxh7# 1-0

[Event "Titled Tuesday intern op 7th July"]
[Site "Chess.com INT"]
[Date "2020.07.07"]
[Round "2"]
[White "Saydaliev, Saidakbar"]
[Black "Keetman, Maaike"]
[Result "1-0"]
[WhiteElo "2384"]
[BlackElo "2169"]
[PlyCount "97"]
[EventDate "2020.07.07"]
[EventType "swiss (blitz)"]
[EventRounds "10"]
[EventCountry "USA"]
[SourceTitle "CBM 197 Extra"]
[Source "ChessBase"]
[SourceDate "2020.09.30"]
[SourceVersion "1"]
[SourceVersionDate "2020.09.30"]
[SourceQuality "1"]

1. e4 e6 2. d4 d5 3. Nc3 Bb4 4. e5 c5 5. a3 Bxc3+ 6. bxc3 Ne7 7. Qg4 Qc7 8. Qxg7 Rg8 9. Qxh7 cxd4 10. Qd3 Qxe5+ 11. Ne2 dxc3 12. Bf4 Qh8 13. Qxc3 Nd7 14. Qxh8 Rxh8 15. h4 e5 16. Bd2 Nc5 17. f3 Bf5 18. Rc1 Bxc2 19. Be3 Nd3+ 20. Kd2 Nxc1 21. Nxc1 Bg6 22. g4 Rc8 23. h5 Rc2+ 24. Kd1 Bh7 25. Bg5 a6 26. Bf6 Rg8 27. Bxe5 Nc6 28. Bf6 Kd7 29. g5 Rf2 30. Be2 Ne7 31. Ke1 Rg2 32. f4 Nf5 33. Bd3 Re8+ 34. Be5 Rxg5 35. fxg5 Rxe5+ 36. Kd2 Ng3 37. Rg1 Bxd3 38. Rxg3 Bh7 39. Ne2 Re4 40. g6 fxg6 41. hxg6 Bg8 42. g7 Re7 43. Nd4 Ke8 44. Nf5 Rf7 45. Nh6 Rf2+ 46. Ke1 Rh2 47. Nxg8 Kf7 48. Nh6+ Rxh6 49. g8Q+ 1-0

[Event "Speed Chess (Women) Q2"]
[Site "Chess.com INT"]
[Date "2020.06.19"]
[Round "8"]
[White "Filippova, Margarita"]
[Black "Keetman, Maaike"]
[Result "0-1"]
[WhiteElo "1931"]
[BlackElo "2169"]
[PlyCount "50"]
[EventDate "2020.06.19"]
[EventType "swiss (blitz)"]
[EventRounds "13"]
[EventCountry "USA"]
[SourceTitle "CBM 196 Extra"]
[Source "ChessBase"]
[SourceDate "2020.07.31"]
[SourceVersion "1"]
[SourceVersionDate "2020.07.31"]
[SourceQuality "1"]

1. Nf3 e6 2. c4 Nf6 3. Nc3 d5 4. d4 Bb4 5. e3 0-0 6. Bd3 dxc4 7. Bxc4 c5 8. 0-0 cxd4 9. exd4 Nc6 10. Bg5 h6 11. Bh4 b6 12. a3 Be7 13. Rc1 Bb7 14. Qd2 Rc8 15. Bd3 Na5 16. Ne5 Nb3 17. Qe3 Nxc1 18. Rxc1 Nd5 19. Nxd5 Qxd5 20. Nf3 Rxc1+ 21. Qxc1 Bxh4 22. Nxh4 Qxd4 23. Qc4 Qxc4 24. Bxc4 Rd8 25. Kf1 Rd4 0-1

[Event "Speed Chess (Women) Q2"]
[Site "Chess.com INT"]
[Date "2020.06.19"]
[Round "5"]
[White "Kovanova, Baira"]
[Black "Keetman, Maaike"]
[Result "1-0"]
[WhiteElo "2343"]
[BlackElo "2169"]
[PlyCount "63"]
[EventDate "2020.06.19"]
[EventType "swiss (blitz)"]
[EventRounds "13"]
[EventCountry "USA"]
[SourceTitle "CBM 196 Extra"]
[Source "ChessBase"]
[SourceDate "2020.07.31"]
[SourceVersion "1"]
[SourceVersionDate "2020.07.31"]
[SourceQuality "1"]

1. e4 e6 2. d3 d5 3. Qe2 c5 4. Nf3 Nc6 5. g3 Nf6 6. Bg2 g6 7. 0-0 Bg7 8. Re1 0-0 9. e5 Ng4 10. Bf4 f6 11. exf6 Qxf6 12. Nc3 Nd4 13. Nxd4 cxd4 14. Nb5 e5 15. Bd2 Qxf2+ 16. Qxf2 Rxf2 17. Rad1 Kh8 18. h3 Bd7 19. Nc7 Rc8 20. hxg4 Rxg2+ 21. Kxg2 Rxc7 22. Rc1 Bxg4 23. c3 dxc3 24. Rxc3 Rf7 25. Rc5 e4 26. Rxd5 Bf3+ 27. Kh2 exd3 28. Rd8+ Rf8 29. Rxf8+ Bxf8 30. Rf1 Be2 31. Rxf8+ Kg7 32. Rd8 1-0